Bình luận khoa học Bộ luật lao động nước Cộng hoà xã hội chủ nghĩa Việt Nam
Tên sách ở trang bìa: Bình luận khoa học Bộ luật lao động nước Cộng hoà xã hội chủ nghĩa Việt Nam; Phân tích nội dung từng khoản của Bộ luật lao động về vấn đề việc làm, hợp đồng lao động, tiền lương, thời gian làm việc, kỷ luật la...
Salvato in:
| Autore principale: | |
|---|---|
| Altri autori: | |
| Natura: | Libro |
| Lingua: | Undetermined |
| Pubblicazione: |
H.
Lao động
2015
|
| Soggetti: | |
| Accesso online: | http://lrc.tdmu.edu.vn/opac/search/detail.asp?aID=2&ID=39655 |
| Tags: |
Aggiungi Tag
Nessun Tag, puoi essere il primo ad aggiungerne! !
|
| Thư viện lưu trữ: | Trung tâm Học liệu Trường Đại học Thủ Dầu Một |
|---|
| LEADER | 01270nam a2200205Ia 4500 | ||
|---|---|---|---|
| 001 | TDMU_39655 | ||
| 008 | 210410s9999 xx 000 0 und d | ||
| 082 | |a 624.1028553 | ||
| 090 | |b L566 | ||
| 100 | |a Lưu, Bình Nhưỡng | ||
| 245 | 0 | |a Bình luận khoa học Bộ luật lao động nước Cộng hoà xã hội chủ nghĩa Việt Nam | |
| 260 | |a H. | ||
| 260 | |b Lao động | ||
| 260 | |c 2015 | ||
| 300 | |a 471tr. | ||
| 520 | |a Tên sách ở trang bìa: Bình luận khoa học Bộ luật lao động nước Cộng hoà xã hội chủ nghĩa Việt Nam; Phân tích nội dung từng khoản của Bộ luật lao động về vấn đề việc làm, hợp đồng lao động, tiền lương, thời gian làm việc, kỷ luật lao động... Đánh giá, nhận định tính phù hợp giữa lý luận và thực tiễn các quy định trong Bộ luật này | ||
| 650 | |a Pháp luật |x Luật lao động |x Bình luận |z Việt Nam | ||
| 700 | |a Nguyễn, Xuân Thu | ||
| 856 | |u http://lrc.tdmu.edu.vn/opac/search/detail.asp?aID=2&ID=39655 | ||
| 980 | |a Trung tâm Học liệu Trường Đại học Thủ Dầu Một | ||